000 00412nam a2200145Ia 4500
008 151213s9999 xx 000 0 und d
100 _aKathleen Cobum
245 _aColeridge : A Collection of Critical Essays
_cKathleen Cobum
260 _aEnglewood N. Y.
_bPrintice Hall
_c1967
300 _a1852 p.
650 _aEnglish Literature
650 _aEnglish Literature
700 _aKathleen Cobum
999 _c1357
_d1357